Niemieccy skoczkowie narciarscy z punktami PŚ w sezonie 2025/26 - Statystyki

Ogólne statystyki
  • Ten quiz został rozwiązany 22 razy
  • Średni wynik to 6 z 7
Statystyki odpowiedzi
Miejsce w PŚ Skoczek narciarski Liczba punktów % Poprawnych
25. Andreas Wellinger 331
95%
29. Pius Paschke 231
95%
28. Karl Geiger 256
91%
7. Philipp Raimund 967
91%
9. Felix Hoffmann 662
82%
63. Luca Roth 10
55%
66. Ben Bayer 6
45%
Nie znaleziono quizów pasujących do podanych kryteriów
Rozkład punktacji
Procent ludzi z każdym wynikiem
Percentyl według liczby udzielonych odpowiedzi
Twoja historia wyników
Nie rozwiązałeś tego quizu